• 首页
  • 本馆介绍
  • 公告通知
  • 最新文献
  • 馆藏检索
  • 电子资源
  • 读者导购
  • 参考咨询
  • 我的图书馆
  • 登录
  • 详细信息显示
  • 放入我的书架
  • 预约/预借图书
  • 作者相关作品
  • 分类相关作品
  • 丛书相关作品
  • 出版社相关作品

书目信息

  • 表格格式
  • 工作单格式
  • 卡片格式
题名:
第二国际修正主义主要人物简介
    
 
作者: ;中国人民大学科学社会主义系资料室 编
分册:  
出版信息: 北京   不详  1978.09
页数: 46页
开本: 20cm
丛书名: 机会主义、修正主义资料选编
单 册:
中图分类: D14
科图分类:
主题词: 第二国际-时期-修正主义--理论
电子资源:
ISBN:
000 00864nam2 2200241 45
001 0176000272
005 20060418105124.76
010    @dCNY0.15
100    @a19950724d1978 em y0chiy0121 ea
101 0  @achi
102    @aCN@b110000
105    @ay z 000yy
200 10 @a第二国际修正主义主要人物简介@Adi er guo ji xiu zheng zhu yi zhu yao ren wu jian jie@f中国人民大学科学社会主义系资料室编@Fzhong guo ren min da xue ke xue she hui zhu yi xi zi liao shi bian
210    @a北京@c不详@d1978.09
215    @a46页@d20cm
225 2  @a机会主义、修正主义资料选编
410  0 @120010@a机会主义修正主义资料选编
606    @a第二国际-时期-修正主义@x理论
690    @aD14@v3
711  0 @a中国人民大学科学社会主义系资料室@Azhong guo ren min da xue ke xue she hui zhu yi xi zi liao shi@4编
801  2 @aCN@bNLC@c20060418
801  0 @aCN@bTSSF
905    @a10447@dD14@e1
    
    第二国际修正主义主要人物简介/中国人民大学科学社会主义系资料室编.-北京:不详,1978.09
    46页;20cm.-(机会主义、修正主义资料选编)
    
    
    ISBN :CNY0.15
    
●
相关链接 在E读中查询图书 在五车中查询图书 在当当中查询图书 在豆瓣中查询图书


正题名:第二国际修正主义主要人物简介     索取号:D14/1         预约/预借

序号 登录号 条形码 馆藏地/架位号 状态 备注
1 0019202   202248503   密集书库/ [索取号:D14/1] 在馆    
唐山师范学院图书馆 欢迎您!
大连网信软件有限公司© 版权所有